Celebrities in Family Guy Quiz Stats

 Plays Quiz Updated May 29, 2012

Also try: Family Guy
Challenge
Share
Tweet
Score 0/20 Timer 07:00
8 Plays Today
Number celebrity % Correct
10Michael Jackson
95%
5Abraham Lincoln
91.7%
20Chuck Norris
90%
14Bill Clinton
85.3%
8Ozzy Osbourne
77.2%
16Carrot Top
77%
3David Letterman
74%
19Tom Brady
69.1%
17Bono
64.9%
9Justin Timberlake
64%
Number celebrity % Correct
13Britney Spears
62.9%
11Jackie Chan
62.5%
12Magic Johnson
61.3%
1Ben Stiller
60.2%
18Jack Black
59.2%
7Miley Cyrus
56%
4Jennifer Love Hewitt
45.3%
2Will Ferrell
29.5%
6Lauren Conrad
29.1%
15Bob Saget
16.5%

You're not logged in!

Compare scores with friends on all Sporcle quizzes.
Join for Free
OR
Log In

You Might Also Like...

Show Comments

Extras

Top Quizzes Today


Score Distribution

Your Account Isn't Verified!

In order to create a playlist on Sporcle, you need to verify the email address you used during registration. Go to your Sporcle Settings to finish the process.

Report this User

Report this user for behavior that violates our Community Guidelines.

Details: